header

The education system in the Russian Federation (Record no. 90386)

MARC details
000 -LEADER
fixed length control field 01343nam a2200349 a 4500
082 04 - DEWEY DECIMAL CLASSIFICATION NUMBER
Classification number 370.947
100 1# - MAIN ENTRY--AUTHOR NAME
Personal name Nikolaev, Denis.
245 14 - TITLE STATEMENT
Title The education system in the Russian Federation
260 ## - PUBLICATION, DISTRIBUTION, ETC. (IMPRINT)
Place of publication Washington, D.C. :
Name of publisher World Bank,
Year of publication c2012.
300 ## - PHYSICAL DESCRIPTION
Number of Pages xi, 83 p. :
Other physical details ill.
490 0# - SERIES STATEMENT
Series statement World Bank study
650 #0 - SUBJECT ADDED ENTRY--TOPICAL TERM
Topical Term Education
Topical Term School management and organization
700 1# - ADDED ENTRY--PERSONAL NAME
Personal name Chugunov, Dmitry.
856 40 - ELECTRONIC LOCATION AND ACCESS
Uniform Resource Identifier http://site.ebrary.com/lib/rucke/Doc?id=10553377

No items available.

© 2026 Rongo University
Contact us: librarian | system librarian | Rongo university